Crisol del crimen (Record no. 36096)

MARC details
000 -LEADER
campo de control de longitud fija 00625nam a2200181 i 4500
001 - NÚMERO DE CONTROL
campo de control 36096
003 - IDENTIFICADOR DE NÚMERO DE CONTROL
campo de control ES-MaACL
005 - FECHA Y HORA DE LA ÚLTIMA TRANSACCIÓN
campo de control 20230906155310.0
007 - CAMPO FIJO DE DESCRIPCIÓN FÍSICA--INFORMACIÓN GENERAL
campo de control de longitud fija t|
008 - DATOS DE LONGITUD FIJA--INFORMACIÓN GENERAL
campo de control de longitud fija 030217s1963 sp ||||1| spa d
100 1# - ENTRADA PRINCIPAL--NOMBRE DE PERSONA
Nombre de persona Bromberg, Walter.
9 (RLIN) 31882
245 10 - MENCIÓN DEL TÍTULO
Título Crisol del crimen
Resto del título : (estudio psiquiátrico del homicidio) /
Mención de responsabilidad, etc. Walter Bromberg ; prólogo de José Alguabella Bustillo ; [versión española de Joaquín Merino].
260 ## - PUBLICACIÓN, DISTRIBUCIÓN, ETC.
Lugar de publicación, distribución, etc. Madrid :
Nombre del editor, distribuidor, etc. Morata,
Fecha de publicación, distribución, etc. [1963]
300 ## - DESCRIPCIÓN FÍSICA
Extensión 253 p. :
Otras características físicas 21 cm.
700 1# - ENTRADA AGREGADA--NOMBRE PERSONAL
Nombre de persona Alguabella Bustillo, José.
9 (RLIN) 19902
700 1# - ENTRADA AGREGADA--NOMBRE PERSONAL
Nombre de persona Merino, Joaquín.
9 (RLIN) 80518
852 ## - LOCALIZACIÓN
Ubicación ES-MaACL
Número de control de estantería C-24170
Sublocalización o colección R.52481
Holdings
Estatus retirado Estado de pérdida Estado de daño No para préstamo Biblioteca de origen Biblioteca actual Ubicación en estantería Fecha de adquisición Fuente de adquisición Total de préstamos Signatura topográfica completa Código de barras Visto por última vez Precio de reemplazo Tipo de ítem Koha
        Biblioteca del Ateneo de Madrid Biblioteca del Ateneo de Madrid Depósito 2 17/01/2008     C-24170 1037882 23/02/2023 23/02/2023 Libro impreso